L'imagination au service du marketing

Αποθηκεύτηκε σε:
Λεπτομέρειες βιβλιογραφικής εγγραφής
Κύριος συγγραφέας: Levitt, Theodore 1925-
Μορφή: Βιβλίο
Γλώσσα:French
Δημοσίευση: Paris : Economica, 1985
Σειρά:Collection Gestion (Economia (Firm)). Serie Politique generale, finance et marketing
Θέματα:
Ετικέτες: Προσθήκη ετικέτας
Δεν υπάρχουν, Καταχωρήστε ετικέτα πρώτοι!

MARC

LEADER 00000nam a2200000 i 4500
001 1/59787
008 960524s1985 fre d
020 |a 2-7178-0843-4 
035 |l 10028601 
040 |a GR-MY-UA  |b gre  |e aacr 
041 0 |a fre 
082 0 |a 658.8 
100 1 |a Levitt, Theodore  |d 1925- 
245 1 0 |a L'imagination au service du marketing /  |c Theodore Levitt 
260 |a Paris :   |b Economica,   |c 1985 
300 |a 198 p. 
490 1 |a Collection Gestion. Serie Politique generale, finance et marketing 
650 0 0 |a Marketing. 
830 0 |a Collection Gestion (Economia (Firm)). Serie Politique generale, finance et marketing 
852 |a INST  |b CHIOS  |e 19960524  |h 658.8 LEV  |p 005200002595  |q 005200002595  |t BK  |y 0 
909 |a Χ  |b 010990